Catálogo
 En Linea

Impresiones. (Registro nro. 36918)

Detalles MARC
000 -CABECERA
campo de control de longitud fija 00461nas a2200181 a 4500
001 - NÚMERO DE CONTROL
campo de control 000037428
003 - IDENTIFICADOR DEL NÚMERO DE CONTROL
campo de control DLC
005 - FECHA Y HORA DE LA ÚLTIMA TRANSACCIÓN
campo de control 20200930080350.0
008 - DATOS DE LONGITUD FIJA--INFORMACIÓN GENERAL
campo de control de longitud fija 120416c20109999dr qr1pdd 0 0spa d
040 ## - FUENTE DE LA CATALOGACIÓN
Centro catalogador/agencia de origen DO-SdBNP
Lengua de catalogación spa
043 ## - CÓDIGO DE ÁREA GEOGRÁFICA
Código de área geográfica nwdr
245 00 - MENCIÓN DE TÍTULO
Título Impresiones.
260 ## - PUBLICACIÓN, DISTRIBUCIÓN, ETC.
Lugar de publicación, distribución, etc. Santo Domingo :
Nombre del editor, distribuidor, etc. Librería Cuesta,
Fecha de publicación, distribución, etc. 2010.
300 ## - DESCRIPCIÓN FÍSICA
Extensión v. ;
Dimensiones 30 cm.
310 ## - PERIODICIDAD ACTUAL
Periodicidad actual Trimestral
362 ## - FECHAS DE PUBLICACIÓN Y/O DESIGNACIÓN SECUENCIAL
Fecha de publicación y/o designación secuencial volumen II, (Enero/Marzo 2010)
651 #4 - PUNTO DE ACCESO ADICIONAL DE MATERIA--NOMBRE GEOGRÁFICO
Nombre geográfico República Dominicana
9 (RLIN) 10483

No hay ítems disponibles.

Con tecnología Koha